00639nam a2200169Ia 4500003000900000008004100009020001800050040001600068080002300084245021400107260003800321300001500359650004100374650002400415650001200439700001800451IN-BaIIA211028s9999 xx 000 0 eng d a9971-50-447-2 cIIA Library a523.64(082.2)bCOM 0aCometary and solar plasma physicsbinvited reviews of the 1987 plasma physics college, International Centre for Theoretical Physics, Trieste,Italycedited by B. Buti  aSingaporebWorld Scientificc1988 avii, 364p. aAstronomy and astrophysics thesaurus aPlasma astrophysics aPlasmas aButi, B., ed.